000 00501nam a2200181Ia 4500
005 20250923144708.0
008 008 250917s9999 xx 000 0 eng d
037 _aTextual
040 _aDSWL
_beng
_cDSWL
041 _aeng
_2eng
084 _qDSWL
100 _aLandheer, Molan
_9827468
245 0 _aPublication on social change No. 19
_cby Molan Landheer
260 _aNijhoff
_bThe Hague Martinus Nijhoff
_c1960
300 _a103p.
942 _cTEXL
999 _c1442160
_d1442160